| 000 | 00769nam a2200229 a 4500 | ||
|---|---|---|---|
| 001 | 63691 | ||
| 003 | BD-RjUL | ||
| 005 | 20211209081226.0 | ||
| 008 | 170202s2010 bg ||||| |||| 00| 0 ben d | ||
| 020 |
_a9789848837061 _c: TK 150.00 |
||
| 035 | _a(BD-RjUL)63820 | ||
| 040 |
_aBD-RjUL _bben _cBD-RjUL |
||
| 041 | _aben | ||
| 082 |
_223 _a891.443 _bANS 2010 |
||
| 100 |
_aআনোয়ার, চন্দন _9189128 |
||
| 245 | 1 | 0 |
_aশাপিতপুরুষ / _cচন্দন আনোয়ার |
| 260 |
_aঢাকা : _bশুদ্ধস্বর, _c২০১০ |
||
| 300 |
_a৯৪ পৃ. ; _c২১ সেমি. |
||
| 650 |
_aবাংলা উপন্যাস _9170454 |
||
| 650 |
_aBengali Fictions _9170515 |
||
| 942 |
_2ddc _cBK |
||
| 999 |
_c63691 _d63691 |
||